Statistics for Movies by Quotes - Will Smith

Click here to take the quiz!

General Stats

  • This quiz has been taken 18 times
  • The average score is 12 of 30

Answer Stats

HintAnswer% Correct
1997Men In Black
82%
1995Bad Boys
76%
1996Independence Day
76%
2004I, Robot
65%
2007I Am Legend
59%
2021King Richard
59%
2006The Pursuit Of Happyness
59%
2008Hancock
53%
2005Hitch
53%
"So how does it happen, great love? Nobody knows... but what I can tell you is that it happens in the blink of an eye. One moment you're enjoying your life, and the next you're wondering how you ever lived without them."Hitch
53%
"During my incarceration, I will be participating in alcohol and anger management treatment. You deserve better from me. I can be better. I will be better."John Hancock
53%
2004Shark Tale
53%
"The most strongest, the most powerful, the most dangerous creature on this whole earth is a woman who knows how to think. Ain't nothing she can't do."Richard Williams
47%
1999Wild Wild West
47%
2019Aladdin
41%
"In 10,000 years, I've never been that embarrassed."Genie
41%
2016Suicide Squad
41%
2013After Earth
35%
"We're the patsies. The cover up. Don't forget... we're the bad guys."Deadshot
35%
1998Enemy Of The State
24%
"Actually, I was thinking I'd stuff your little half-an-ass into one of these cannons and fertilize the landscape with ya."James West
24%
"Now back up, put the gun down, and get me a pack of Tropical Fruit Bubblicious."Mike Lowrey
18%
"Look, I really don't think they flew 90 billion light years to come down here and start a fight."Captain Steven Hiller
12%
"I met my father for the first time when I was 28 years old. I made up my mind that when I had children, my children were going to know who their father was."Chris Gardner
12%
"Human beings have dreams. Even dogs have dreams, but not you, you are just a machine. An imitation of life."Del Spooner
12%
"So hand over whatever galaxy you are carrying and step away from your busted-ass vehicle and put your hands on your head."Jay
12%
"Well, for your information, I am the Sharkslayer. That's what they're callin' me."Oscar (voice)
12%
"I'm sick of this, you either shoot me, or tell me what the fuck is going on!"Robert Clayton Dean
12%
"I am a survivor living in New York City. I am broadcasting on all AM frequencies. I will be at the South Street Seaport everyday at mid-day, when the sun is highest in the sky."Robert Neville
12%
"Everything on this planet has evolved to kill humans. Do you know where we are?"Cypher Raige
6%

Score Distribution

Percentile by Number Answered

Percent of People with Each Score

Your Score History

You have not taken this quiz